[Event "Tourn. n9325"]
[Site "www.chess-mail.com"]
[Date "2017.07.03"]
[Round "1"]
[White "Seger"]
[Black "Pdebonis"]
[WhiteElo "2680"]
[BlackElo "2600"]
[Result "1/2-1/2"]
[Round "1"]
1.c4 e5
2.e3 Ng8f6
3.Nb1c3 Nb8c6
4.Ng1f3 Bf8b4
5.Qd1c2 O-O
6.Nc3d5 Rf8e8
7.Nf3g5 g6
8.h4 Bb4f8
9.Nd5xf6 Qd8xf6
10.Ng5e4 Qf6e7
11.h5 Nc6b4
12.Qc2b3 Nb4a6
13.d3 c6
14.hxg6 hxg6
15.Ne4c3 Bf8g7
16.e4 d6
17.g3 Na6c5
18.Qb3d1 a6
19.a4 Nc5e6
20.Bf1h3 f6
21.Bc1e3 Kf7
22.Bh3g2 Bc8d7
23.Qd1b3 Ne6c5
24.Qb3c2 a5
25.O-O-O Re8h8
26.Kb1 b6
27.Rh1f1 Rh8h2
28.f4 Bd7g4
29.Rd1d2 Ra8h8
30.Be3g1 Rh2h5
31.d4 exd4
32.Bg1xd4 f5
33.Bd4xc5 bxc5
34.e5 dxe5
35.Bg2xc6 Rh8d8
36.fxe5 Bg7xe5
37.Rf1e1 f4
38.gxf4 Bg4f5
39.Nc3e4 Be5xf4
40.Rd2g2 Qe7e5
41.Ka2 Kg7
42.Qc2b3 Kh6
43.Qb3b6 Qe5c7
44.Qb6xc7 Bf4xc7
45.Ne4xc5 Bf5h3
46.Nc5b7 Rd8c8
47.Rg2c2 Bh3f5
{ draw }
1/2-1/2

[Event "Tourn. n9425"]
[Site "www.chess-mail.com"]
[Date "2017.07.03"]
[Round "1"]
[White "Quaff"]
[Black "Redabond"]
[WhiteElo "1850"]
[BlackElo "1640"]
[Result "1-0"]
[Round "1"]
1.e4 e5
2.Ng1f3 Nb8c6
3.Bf1c4 h6
4.c3 Ng8f6
5.d3 Bf8c5
6.b4 Bc5b6
7.a4 a6
8.a5 Bb6a7
9.h3 O-O
10.Bc1e3 d6
11.Nb1d2 Bc8e6
12.Nf3h2 d5
13.exd5 Be6xd5
14.Bc4xd5 Nf6xd5
15.Be3xa7 Nc6xa7
16.Ra1c1 Qd8d6
17.Nd2e4 Qd6g6
18.O-O f5
19.Ne4c5 Nd5f4
20.Qd1f3 e4
21.dxe4 Na7c6
22.Qf3xf4 Ra8b8
23.exf5 Rf8xf5
24.Qf4c4 Kh8
25.Qc4e6 Rf5f6
26.Qe6g4 Qg6f7
27.f4 Nc6e7
28.Nc5d7 Rf6g6
29.Qg4f3 Rb8d8
30.Nd7e5 Qf7e6
31.Ne5xg6 Qe6xg6
32.f5 Qg6c6
33.Qf3xc6 Ne7xc6
34.f6 gxf6
35.Rf1xf6 Rd8d7
36.Rf6xh6 Kg7
37.Rh6h4 Nc6e5
38.Nh2f3 Ne5c4
39.Rh4d4 Rd7xd4
40.Nf3xd4 Nc4d6
41.Rc1e1 Kf7
42.Re1f1 Kg6
43.Rf1f8 Nd6e4
44.Rf8c8 Ne4xc3
45.Rc8xc7 { resign }
1-0

[Event "Tourn. n9342"]
[Site "www.chess-mail.com"]
[Date "2017.07.03"]
[Round "1"]
[White "Pdebonis"]
[Black "Vaido12"]
[WhiteElo "2640"]
[BlackElo "2350"]
[Result "1/2-1/2"]
[Round "1"]
1.d4 Ng8f6
2.c4 e6
3.Nb1c3 Bf8b4
4.e3 c5
5.Ng1e2 cxd4
6.exd4 d5
7.c5 e5
8.dxe5 Nf6g4
9.Ne2d4 O-O
10.Bf1e2 Ng4xe5
11.O-O Bb4xc5
12.Nd4b3 d4
13.Nb3xc5 dxc3
14.bxc3 Qd8c7
15.Bc1a3 Rf8d8
16.Qd1a4 Bc8d7
17.Qa4h4 Bd7c6
18.Rf1e1 Nb8d7
19.Qh4g3 Rd8e8
20.Nc5xd7 Qc7xd7
21.Be2f1 Qd7f5
22.Ba3d6 Ne5g6
23.h3 h5
24.c4 h4
25.Qg3a3 Ng6f4
26.Re1xe8 Ra8xe8
27.Bd6xf4 Qf5xf4
28.Qa3xa7 Re8d8
29.Ra1e1 Rd8d2
30.a3 Rd2b2
31.Qa7e3 Qf4xe3
32.Re1xe3 f5
33.g3 hxg3
34.Re3xg3 Kh7
35.Bf1g2 Rb2c2
36.Bg2d5 Bc6xd5
37.cxd5 Rc2d2
38.Rg3b3 Rd2xd5
39.Rb3xb7 Rd5d3
40.Rb7a7 Rd3xh3
41.Kg2 Rh3b3
42.a4 { draw }
1/2-1/2

[Event "Tourn. n9440"]
[Site "www.chess-mail.com"]
[Date "2017.07.03"]
[Round "1"]
[White "Mitja"]
[Black "Guidom"]
[WhiteElo "2000"]
[BlackElo "2070"]
[Result "1/2-1/2"]
[Round "1"]
1.d4 d5
2.e3 c6
3.c3 Bc8f5
4.h3 e6
5.Ng1e2 Ng8f6
6.Ne2g3 Bf5g6
7.Bf1d3 Bf8d6
8.Ng3f1 Nb8d7
9.Bd3xg6 hxg6
10.Nf1d2 O-O
11.Nd2f3 Nf6e4
12.Qd1e2 Nd7f6
13.Nb1d2 c5
14.dxc5 Bd6xc5
15.O-O Qd8d6
16.Rf1d1 Bc5b6
17.Nd2f1 Qd6c7
18.Nf3d2 Ra8d8
19.Nd2xe4 Nf6xe4
20.f3 Ne4g3
21.Nf1xg3 Qc7xg3
22.Qe2f2 Qg3d6
23.Kh1 Bb6c7
24.g4 f5
25.f4 fxg4
26.hxg4 e5
27.Qf2g3 exf4
28.exf4 g5
29.Rd1f1 gxf4
30.Qg3f3 g5
31.b3 Qd6h6
32.Kg2 Rf8e8
33.Bc1d2 Re8e4
34.c4 Rd8e8
35.Ra1e1 Qh6c6
36.cxd5 Qc6xd5
{ draw }
1/2-1/2

[Event "Tourn. n9440"]
[Site "www.chess-mail.com"]
[Date "2017.07.03"]
[Round "1"]
[White "Astroboy"]
[Black "Guidom"]
[WhiteElo "2210"]
[BlackElo "2070"]
[Result "1-0"]
[Round "1"]
1.e4 e5
2.Ng1f3 Nb8c6
3.Bf1c4 d6
4.d4 exd4
5.Nf3xd4 Nc6e5
6.Bc4b3 a6
7.Nb1c3 c5
8.Nd4f3 Bc8g4
9.Nf3xe5 dxe5
10.Qd1xg4 b5
11.Bb3d5 Ra8a7
12.Bd5c6 { resign }
1-0

[Event "Tourn. n9309"]
[Site "www.chess-mail.com"]
[Date "2017.07.03"]
[Round "1"]
[White "Sbb"]
[Black "Nimzo"]
[WhiteElo "2440"]
[BlackElo "2730"]
[Result "1/2-1/2"]
[Round "1"]
1.d4 d5
2.Ng1f3 Ng8f6
3.c4 e6
4.Nb1c3 Bf8e7
5.Bc1f4 O-O
6.e3 c5
7.dxc5 Be7xc5
8.a3 Nb8c6
9.Qd1c2 Rf8e8
10.Bf4g5 Bc5e7
11.Bf1e2 h6
12.Bg5f4 dxc4
13.Be2xc4 Nf6h5
14.Ra1d1 Qd8a5
15.O-O Nh5xf4
16.exf4 Re8d8
17.Rd1xd8 Qa5xd8
18.Qc2e4 Qd8b6
19.b4 Bc8d7
20.Rf1d1 Qb6c7
21.Bc4b3 Ra8d8
22.Qe4e3 Be7f8
23.h4 Bd7e8
24.Rd1xd8 Qc7xd8
25.g3 a6
26.h5 Bf8e7
27.Nc3e4 b5
28.Ne4c5 Be7xc5
29.Qe3xc5 Qd8d3
30.Qc5e3 Qd3xe3
31.fxe3 a5
32.bxa5 { draw }
1/2-1/2

[Event "Tourn. n9429"]
[Site "www.chess-mail.com"]
[Date "2017.07.03"]
[Round "1"]
[White "Xkafi"]
[Black "Guidom"]
[WhiteElo "2050"]
[BlackElo "2090"]
[Result "0-1"]
[Round "1"]
1.e4 e5
2.Bf1c4 d6
3.d3 c6
4.Nb1c3 Ng8f6
5.h3 Bf8e7
6.Qd1f3 O-O
7.Ng1e2 Nb8d7
8.Qf3g3 g6
9.h4 Nf6h5
10.Qg3h2 Nd7b6
11.Bc4b3 Be7f6
12.Ne2g3 Nh5xg3
13.Qh2xg3 d5
14.exd5 cxd5
15.Bc1h6 Rf8e8
16.O-O-O Bc8e6
17.f3 Ra8c8
18.Rh1e1 Qd8c7
19.Rd1d2 Qc7e7
20.Re1h1 e4
21.dxe4 d4
22.Nc3e2 Be6xb3
23.axb3 Qe7c5
24.Qg3f2 Re8d8
25.Rd2d3 Qc5xc2

0-1

[Event "Match"]
[Site "www.echecsemail.com"]
[Date "2017.07.03"]
[Round "1"]
[White "Azocarwagner"]
[Black "Susov"]
[WhiteElo "1299"]
[BlackElo "1870"]
[Result "1-0"]
[Round "1"]
1.e4 e5
2.Ng1f3 Nb8c6
3.Bf1b5 d6
4.O-O Bc8d7
5.Qd1e2 a6
6.Bb5c4 Bf8e7
7.Nf3e1 Nc6d4
8.Qe2d3 Be7g5
9.Nb1c3 b5
10.Bc4b3 Ng8e7
11.Ne1f3 Nd4xf3
12.Qd3xf3 O-O
13.d3 Bg5f6
14.Qf3g3 Ne7g6
15.Bc1e3 c5
16.Bb3d5 Ra8b8
17.a3 Rf8e8
18.Nc3e2 Qd8c8
19.Rf1c1 Bf6h4
20.Qg3f3 Kh8
21.Bd5xf7 Re8f8
22.h3 Bd7e8
23.g3 Rf8xf7
24.Qf3g2 Bh4f6
25.h4 Be8d7
26.h5 Ng6e7
27.c3 Bd7e6
28.b4 c4
29.d4 Be6g4
30.f3 Bg4h3
31.Qg2h2 h6
32.g4 Bh3xg4
33.fxg4 Qc8xg4
34.Ne2g3  { time }
1-0

[Event "Match"]
[Site "www.echecsemail.com"]
[Date "2017.07.03"]
[Round "1"]
[White "Gambitmiau"]
[Black "Cjood"]
[WhiteElo "2010"]
[BlackElo "1820"]
[Result "0-1"]
[Round "1"]
1.e4 e5
2.d4 exd4
3.c3 dxc3
4.Bf1c4 Bf8c5
5.Qd1f3 Qd8f6
6.Qf3xf6 Ng8xf6
7.Nb1xc3 O-O
8.Bc1g5 Nf6g4
9.Ng1h3 Nb8c6
10.O-O d6
11.Kh1 h6
12.f3 hxg5
13.fxg4 Bc8xg4
14.Nh3xg5 Nc6e5
15.Rf1f4 Ne5xc4
16.Rf4xg4 Nc4xb2
17.Ra1f1 Ra8e8
18.Nc3d5 c6
19.Nd5f6 gxf6
20.Ng5e6 Kh7
21.Rf1f5 Kh6
22.Ne6f4 Re8e5
23.Rf5xf6 Kh7
24.Nf4g6 fxg6
25.Rf6xf8 d5
26.h4 Bc5xf8
{ resign }
0-1

[Event "Match"]
[Site "www.echecsemail.com"]
[Date "2017.07.03"]
[Round "1"]
[White "Drdoom"]
[Black "Raulazo"]
[WhiteElo "1610"]
[BlackElo "1820"]
[Result "0-1"]
[Round "1"]
1.e4 e5
2.Ng1f3 Nb8c6
3.Bf1b5 Nc6d4
4.Nf3xd4 exd4
5.O-O Ng8f6
6.d3 a6
7.Bb5c4 b5
8.Bc4b3 a5
9.a3 c5
10.c4 Bf8d6
 { time }
0-1

[Event "Match"]
[Site "www.echecsemail.com"]
[Date "2017.07.03"]
[Round "1"]
[White "Rindrandria"]
[Black "Ranjachess"]
[WhiteElo "1710"]
[BlackElo "1850"]
[Result "1-0"]
[Round "1"]
1.e4 e5
2.d4 Qd8h4
3.Nb1d2 exd4
4.Ng1f3 Qh4f6
5.e5 Qf6b6
6.Nd2c4 Bf8b4
7.Bc1d2 Qb6c5
8.c3 dxc3
9.bxc3 Bb4a5
10.Nf3g5 d5
11.Nc4xa5 Qc5xa5
12.Bf1d3 h6
13.Qd1h5 g6
14.Bd3xg6 fxg6
15.Qh5xg6 Kd7
16.Qg6e6 Kd8
17.Ng5f7 
1-0

[Event "Match"]
[Site "www.echecsemail.com"]
[Date "2017.07.03"]
[Round "1"]
[White "Cjood"]
[Black "Bojan"]
[WhiteElo "1950"]
[BlackElo "1960"]
[Result "1-0"]
[Round "1"]
1.e4 g6
2.Ng1f3 d6
3.d4 Bf8g7
4.Bc1e3 f5
5.Bf1d3 e5
6.dxe5 dxe5
7.Bd3b5 c6
8.Qd1xd8 Kxd8
9.Bb5d3 f4
10.Be3c5 Bc8e6
11.Nf3g5 Kd7
12.O-O Bg7f6
13.Ng5f3 Ke8
14.Nb1c3 Nb8d7
15.Bc5d6 Ng8h6
16.h3 Nh6f7
17.Bd6a3 b6
18.b4 g5
19.Nc3e2 h5
20.c4 g4
21.hxg4 hxg4
22.Nf3h2 c5
23.bxc5 Nd7xc5
24.Ba3xc5 bxc5
25.a4 Ra8b8
26.Ra1b1 Kd7
27.Rb1b5 Kc6
28.Rf1b1 Rb8b6
29.Ne2c3 Nf7d6
30.a5 Rb6a6
31.Nc3a4 Bf6d8
32.Rb5xc5 Kd7
33.Rc5xe5 g3
34.fxg3 fxg3
35.Nh2f3 Be6xc4
36.Bd3xc4 Nd6xc4
37.Na4c5 Kc8
38.Nc5xa6 Nc4xe5
39.Nf3xe5 Bd8xa5
40.Rb1b8 
1-0

[Event "Match"]
[Site "www.echecsemail.com"]
[Date "2017.07.03"]
[Round "1"]
[White "Roque1"]
[Black "Chapi"]
[WhiteElo "1990"]
[BlackElo "2120"]
[Result "0-1"]
[Round "1"]
1.e4 c5
2.Ng1f3 Nb8c6
3.Bf1b5 d5
4.Nb1c3 dxe4
5.Nc3xe4 e6
6.d3 Bc8d7
7.Bc1e3 b6
8.O-O Ng8f6
9.Ne4g3 Bf8d6
10.c3 a6
11.Bb5a4 b5
12.Ba4b3 O-O
13.Qd1d2 Nc6e5
14.Nf3xe5 Bd6xe5
15.Be3xc5 Rf8e8
16.f4 Be5c7
17.Ra1e1 Bd7c6
18.Bc5d4 Nf6d5
19.Re1e3 Nd5xe3
20.Qd2xe3 Bc6d5
21.c4 Bd5c6
22.cxb5 Bc6xb5
23.Ng3h5 Ra8b8
24.Nh5xg7 Re8e7
25.Ng7xe6 fxe6
26.Qe3g3 Kf7
27.Bd4e5 Bc7xe5
28.fxe5 Ke8
29.Bb3xe6 Re7xe6
30.Qg3g7 Qd8b6
31.Kh1 Re6e7
32.Rf1f8 Kd7
33.Qg7g4 Kc7
34.Rf8f6 Qb6xf6
{ resign }
0-1

[Event "Match"]
[Site "www.echecsemail.com"]
[Date "2017.07.03"]
[Round "1"]
[White "Dussek"]
[Black "Petersim0n"]
[WhiteElo "1609"]
[BlackElo "1499"]
[Result "0-1"]
[Round "1"]
1.e4 e5
2.f4 Nb8c6
3.Ng1f3 d6
4.Bf1c4 h6
5.d3 Bc8g4
6.O-O Qd8f6
7.f5 O-O-O
8.Nb1c3 g6
9.Nc3d5 Qf6g7
10.h3 Bg4xf3
11.Qd1xf3 Nc6d4
12.Qf3f2 gxf5
13.Qf2xf5 Nd4xf5
{ resign }
0-1

[Event "Match"]
[Site "www.echecsemail.com"]
[Date "2017.07.03"]
[Round "1"]
[White "Cjood"]
[Black "Llord"]
[WhiteElo "2000"]
[BlackElo "1920"]
[Result "1-0"]
[Round "1"]
1.Ng1f3 Nb8c6
2.e4 e5
3.Bf1c4 Bf8c5
4.c3 Ng8f6
5.d4 exd4
6.cxd4 Bc5b4
7.Bc1d2 O-O
8.Bd2xb4 Rf8e8
9.Bb4c3 Nf6xe4
10.O-O d5
11.Bc4b5 Bc8d7
12.a3 a6
13.Bb5d3 Bd7g4
14.h3 Bg4h5
15.g4 Bh5g6
16.Bd3xe4 Bg6xe4
17.Nb1d2 Qd8f6
18.Nd2xe4 Re8xe4
19.b4 Re4f4
20.Kg2 Nc6e7
21.Nf3e5 Ra8d8
22.Bc3d2 Rf4xd4
23.Rf1e1 Rd4e4
24.Re1xe4 dxe4
25.Ne5c4 b5
26.g5 Qf6f3
27.Qd1xf3 exf3
28.Kxf3 bxc4
29.Ke2 g6
30.Ra1c1 Rd8d4
31.f3 Ne7f5
32.f4 Kg7
33.Bd2c3 Kg8
34.Bc3xd4 Nf5xd4
35.Ke3 Nd4f5
36.Ke4 Kg7
37.Kd5 Nf5e3
38.Kc6 f6
39.gxf6 Kxf6
40.Kxc7 Kf5
41.Kb6 Kxf4
42.Kxa6 g5
43.b5 Ne3d5
44.Rc1xc4 Kg3
45.Rc4g4 Kxh3
46.Rg4xg5 Nd5c7
47.Kb6 Nc7e8
48.Rg5h5 { resign }
1-0

[Event "Match"]
[Site "www.echecsemail.com"]
[Date "2017.07.03"]
[Round "1"]
[White "Cjood"]
[Black "Mitja"]
[WhiteElo "2000"]
[BlackElo "2050"]
[Result "0-1"]
[Round "1"]
1.Ng1f3 d5
2.b3 e6
3.Bc1b2 Ng8f6
4.d3 c6
5.Nb1c3 Nb8d7
6.g3 Nd7b6
7.e3 Bf8d6
8.d4 Qd8e7
9.Bf1d3 Nb6d7
10.Qd1d2 h6
11.a4 b6
12.Nc3e2 Bc8b7
13.c3 a5
14.O-O-O Bd6a3
15.Bb2xa3 Qe7xa3
16.Qd2b2 Qa3e7
17.h3 Bb7a6
18.Bd3xa6 Ra8xa6
19.Ne2f4 Nf6e4
20.Nf3e5 Nd7xe5
21.dxe5 Qe7c7
22.Nf4d3 O-O
23.Rh1g1 Rf8b8
24.f3 Ne4c5
25.Nd3xc5 bxc5
26.f4 c4
27.b4 axb4
28.cxb4 Ra6xa4
29.Rd1d2 Rb8a8
30.Rd2g2 Ra4a1
31.Kc2 Ra1a2
{ resign }
0-1

[Event "Match"]
[Site "www.echecsemail.com"]
[Date "2017.07.03"]
[Round "1"]
[White "Traub"]
[Black "Azocarfreund"]
[WhiteElo "1410"]
[BlackElo "1399"]
[Result "0-1"]
[Round "1"]
1.e4 e5
2.Ng1f3 Nb8c6
3.Bf1b5 Nc6d4
4.Nf3xd4 exd4
5.d3 Ng8f6
6.f4 Qd8e7
7.Qd1f3 c6
8.Bb5a4 Qe7b4
9.c3 Qb4xa4
10.b3 { time. }
0-1

[Event "Match"]
[Site "www.echecsemail.com"]
[Date "2017.07.03"]
[Round "1"]
[White "Cjood"]
[Black "Aiko1603"]
[WhiteElo "1920"]
[BlackElo "2030"]
[Result "1-0"]
[Round "1"]
1.e4 c5
2.f4 Nb8c6
3.Nb1c3 g6
4.b3 Bf8g7
5.Bf1c4 e6
6.Bc1b2 Ng8e7
7.Ng1f3 d5
8.exd5 exd5
9.Bc4b5 O-O
10.O-O Bc8g4
11.Bb5xc6 bxc6
12.Ra1b1 Qd8d6
13.Nc3e2 Bg7xb2
14.Rb1xb2 Ra8e8
15.h3 Bg4f5
16.d3 Qd6f6
17.c3 Ne7c8
18.g4 Bf5d7
19.Nf3e5 Nc8b6
20.a4 Bd7c8
21.g5 Qf6e6
22.Ne5g4 Qe6d6
23.Ne2g3 Bc8xg4
24.Qd1xg4 d4
25.c4 Re8e3
26.Rb2d2 Nb6d7
27.Ng3e4 Qd6e7
28.Qg4xd7 { resign }
1-0

[Event "Match"]
[Site "www.echecsemail.com"]
[Date "2017.07.03"]
[Round "1"]
[White "Cjood"]
[Black "Nulladies"]
[WhiteElo "1800"]
[BlackElo "1920"]
[Result "1-0"]
[Round "1"]
1.d4 Ng8f6
2.Nb1c3 e6
3.Bc1f4 d5
4.Nc3b5 Nb8a6
5.c3 c6
6.Nb5a3 Bf8xa3
7.bxa3 Nf6h5
8.Bf4e5 O-O
9.e3 f6
10.Qd1xh5 fxe5
11.Qh5xe5 Rf8f5
12.Qe5g3 Rf5g5
13.Qg3f3 Rg5f5
14.Qf3e2 e5
15.dxe5 Rf5xe5
16.h3 Bc8f5
17.Ng1f3 Re5e7
18.g4 Bf5e4
19.Bf1g2 Qd8d6
20.O-O Na6c5
21.Rf1d1 Ra8f8
22.c4 Nc5a4
23.cxd5 Na4c3
24.Qe2c4 Nc3xd1
25.Ra1xd1 Be4xf3
26.dxc6 Qd6e6
27.Qc4xe6 Re7xe6
28.Bg2xf3 Rf8xf3
29.c7 Re6c6
30.Rd1d8 Rf3f8
31.Rd8d7 Rf8c8
32.Rd7d8 Kf7
33.Rd8xc8 Ke7
34.Kg2 Kd7
35.Rc8g8 Rc6xc7
36.Rg8xg7 Kd6
37.Rg7xc7 Kxc7
38.f4 { resign }
1-0

[Event "Match"]
[Site "www.echecsemail.com"]
[Date "2017.07.03"]
[Round "1"]
[White "Sonny1000"]
[Black "Mrmoto"]
[WhiteElo "1450"]
[BlackElo "1650"]
[Result "0-1"]
[Round "1"]
1.e4 e6
2.e5 d5
3.d4 c5
4.c4 Nb8c6
5.dxc5 Bf8xc5
6.Bc1e3 d4
7.Be3f4 Bc5b4
8.Nb1d2 d3
9.Qd1g4 Qd8d4
10.Qg4xg7 Qd4xb2
11.Ra1d1 Nc6d4
12.Qg7xh8 Nd4c2

0-1

[Event "Match"]
[Site "www.echecsemail.com"]
[Date "2017.07.03"]
[Round "1"]
[White "Cjood"]
[Black "Bojan"]
[WhiteElo "1940"]
[BlackElo "1940"]
[Result "1-0"]
[Round "1"]
1.d4 g6
2.Bc1f4 Bf8g7
3.c4 d6
4.h3 b6
5.e3 Nb8d7
6.Bf1d3 Bc8b7
7.f3 Ng8f6
8.d5 Nf6h5
9.Nb1c3 Nh5xf4
10.exf4 Nd7c5
11.Bd3c2 Qd8d7
12.Ng1e2 e6
13.dxe6 fxe6
14.b4 Nc5a6
15.Bc2a4 c6
16.b5 Na6c5
17.bxc6 Bb7xc6
18.Ba4xc6 Qd7xc6
19.O-O O-O
20.Ne2d4 Qc6d7
21.Nc3e4 Rf8xf4
22.g3 Rf4f7
23.Ne4g5 Rf7f6
24.Rf1e1 e5
25.Nd4b5 h6
26.Qd1d5 Nc5e6
27.Qd5xa8 Rf6f8
28.Qa8d5 hxg5
29.Nb5xd6 Kh7
30.Kg2 Ne6d4
31.Ra1c1 Nd4xf3
32.Re1f1 Rf8f6
33.Nd6e4 Nf3h4
34.gxh4 Rf6xf1
35.Rc1xf1 gxh4
36.Qd5xd7 { resign }
1-0

[Event "1/128 Finale"]
[Site "www.chess-mail.com"]
[Date "2017.07.03"]
[Round "1"]
[White "Passaroa25"]
[Black "Cal"]
[WhiteElo "1610"]
[BlackElo "1700"]
[Result "1-0"]
[Round "1"]
1.e4 e5
2.f3 a6
3.Ng1e2 Nb8c6
4.c3 h6
5.Ne2g3 d6
6.d3 Bc8e6
7.Nb1d2 Ng8f6
8.Bf1e2 Bf8e7
9.Nd2b3 b5
10.Bc1e3 O-O
11.O-O Qd8d7
12.Be3f2 a5
13.Nb3d2 Nf6h7
14.b3 Nc6d8
15.Qd1c2 f5
16.Ng3xf5 Be6xf5
17.exf5 Qd7xf5
18.Nd2e4 c6
19.g4 Qf5g6
20.Bf2e3 d5
21.Ne4c5 Nd8f7
22.Nc5d7 Rf8e8
23.Be3c5 Be7xc5
24.Kg2 Qg6g5
25.Nd7xc5 Qg5f4
26.Rf1h1 Nf7d6
27.h3 Nh7g5
28.h4 Ng5f7
29.h5 Nf7g5
30.Qc2d1 Ra8a7
31.Qd1c1 Qf4f6
32.Qc1a3 Nd6f7
33.Ra1e1 Qf6f4
34.Qa3c1 Nf7d6
35.Qc1xf4 exf4
36.Rh1f1 b4
37.d4 bxc3
38.Be2d3 Re8e3
39.Re1xe3 fxe3
40.a4 Nd6f7
41.Rf1c1 Nf7d6
42.Rc1xc3 Ra7e7
43.f4 Ng5f7
44.Bd3e2 Nd6e4
45.Nc5xe4 Re7xe4
46.Rc3xc6 Re4xf4
47.Rc6c8 Kh7
48.Be2d3 g6
49.Bd3xg6 Kg7
50.Bg6d3 Rf4f2
51.Kg1 Kf6
52.Rc8e8 Rf2f3
53.Kg2 Rf3f2
54.Kg3 Kg7
55.Re8e6 Kf8
56.Re6xe3 Rf2b2
57.Bd3g6 Nf7d6
58.Kf4 Rb2f2
59.Ke5 Nd6b7
60.Kxd5 Rf2f6
61.Re3e8 Kg7
62.Re8e7 Kf8
63.Re7xb7 Rf6a6
64.Kc5 Ra6f6
65.Kb5 Rf6f4
66.Rb7f7 Kg8
67.Rf7xf4 { resign }
1-0

[Event "Fast Game"]
[Site "www.echecsemail.com"]
[Date "2017.07.03"]
[Round "1"]
[White "Pellix84"]
[Black "Attatroll"]
[WhiteElo "1650"]
[BlackElo "1820"]
[Result "0-1"]
[Round "1"]
1.d4 f5
2.g3 Ng8f6
3.Bc1g5 e6
4.Ng1f3 d5
5.Nb1d2 c6
6.a3 Bf8e7
7.e3 O-O
8.h3 Nb8d7
9.Bf1d3 h6
10.Bg5xf6 Nd7xf6
11.Nf3e5 Nf6d7
12.Nd2f3 Be7f6
13.Ne5g6 Rf8f7
14.Qd1e2 c5
15.c3 c4
16.Bd3c2 Nd7f8
17.Nf3e5 Bf6xe5
18.Ng6xe5 Rf7f6
19.f4 Nf8g6
20.g4 Ng6xe5
21.dxe5 Rf6f7
22.O-O-O Qd8h4
23.gxf5 exf5
24.Rd1xd5 Bc8e6
25.Rd5d6 Ra8e8
26.Qe2f3 b6
27.Rh1g1 Rf7d7
28.Qf3c6 Qh4e7
29.Bc2a4 Rd7d8
30.Rg1g6 Rd8xd6
31.Qc6xd6 Kf7
32.Ba4xe8 { time. }
0-1

[Event "Fast Game"]
[Site "www.echecsemail.com"]
[Date "2017.07.03"]
[Round "1"]
[White "Pellix84"]
[Black "Hennie4820"]
[WhiteElo "1630"]
[BlackElo "1640"]
[Result "1-0"]
[Round "1"]
1.Ng1f3 Ng8f6
2.g3 g6
3.Bf1g2 Bf8g7
4.O-O O-O
5.d3 d6
6.e4 Nb8d7
7.Rf1e1 e5
8.c3 c6
9.d4 Rf8e8
10.dxe5 Nd7xe5
11.Bc1f4 Bc8g4
12.Bf4xe5 dxe5
13.Qd1b3 Qd8c7
14.Nb1d2 Ra8d8
15.Ra1d1 Rd8d3
16.h3 Bg4xf3
17.Nd2xf3 Rd3xd1
18.Re1xd1 Nf6xe4
19.Rd1e1 Ne4c5
20.Qb3c4 Nc5d7
21.Nf3g5 Nd7b6
22.Qc4h4 h6
23.Ng5e4 Qc7d8
24.Qh4g4 f5
25.Qg4xg6 fxe4
26.Bg2xe4 Qd8e7
27.Qg6h7 Kf8
28.Re1e3 Qe7g5
29.Re3f3 Ke7
30.Be4g6 { resign }
1-0

[Event "Fast Game"]
[Site "www.echecsemail.com"]
[Date "2017.07.03"]
[Round "1"]
[White "Pellix84"]
[Black "Claudia"]
[WhiteElo "1630"]
[BlackElo "1829"]
[Result "0-1"]
[Round "1"]
1.d4 Ng8f6
2.Ng1f3 g6
3.Nb1d2 Bf8g7
4.e4 d6
5.Bf1d3 O-O
6.O-O Nb8d7
7.h3 e5
8.Rf1e1 Nf6h5
9.Qd1e2 { time. }
0-1

[Event "Tourn. n9429"]
[Site "www.chess-mail.com"]
[Date "2017.07.04"]
[Round "1"]
[White "Guidom"]
[Black "Cjood"]
[WhiteElo "2090"]
[BlackElo "1930"]
[Result "0-1"]
[Round "1"]
1.e4 e5
2.Ng1f3 Ng8f6
3.Nb1c3 Bf8c5
4.h3 Nb8c6
5.d3 d5
6.Bc1g5 d4
7.Nc3d5 Bc8e6
8.Nd5xf6 gxf6
9.Bg5h4 Qd8e7
10.a3 O-O-O
11.b4 Bc5b6
12.Qd1d2 a5
13.b5 Nc6a7
14.a4 Bb6c5
15.Qd2h6 Bc5a3
16.Bh4xf6 Qe7b4
17.Nf3d2 Qb4b2
18.Ra1d1 Qb2xc2
19.Bf6xh8 Rd8xh8
20.Qh6f6 Rh8g8
21.Qf6xe5 Qc2xa4
22.f4 Na7xb5
23.f5 Be6b3
24.Nd2xb3 Qa4xb3
25.Bf1e2 Nb5c3
26.Rd1d2 Ba3c1
27.Qe5xd4 Bc1xd2
28.Kf2 Nc3xe2
29.Kxe2 Rg8xg2
30.Kf3 Qb3c2
31.Qd4h8 Kd7
32.Qh8d4 Kc6
33.Qd4d5 Kb6
34.Qd5d4 Ka6
35.Qd4c4 Qc2xc4
36.dxc4 Rg2g8
37.Rh1d1 Bd2b4
38.Rd1d7 c6
39.Rd7xf7 a4
40.Rf7d7 a3
41.Rd7d1 Bb4c3
42.f6 Bc3xf6
43.Rd1d3 Bf6b2
{ resign }
0-1

[Event "Tourn. n9415"]
[Site "www.chess-mail.com"]
[Date "2017.07.04"]
[Round "1"]
[White "Olivia"]
[Black "Bjonil60"]
[WhiteElo "1329"]
[BlackElo "1480"]
[Result "0-1"]
[Round "1"]
1.e4 Nb8c6
2.Ng1f3 e5
3.d4 d6
4.d5 Nc6e7
5.Bf1b5 Bc8d7
6.Nb1c3 c6
7.Bb5c4 a6
8.Bc1g5 f6
 { time }
0-1

[Event "Tourn. n9444"]
[Site "www.chess-mail.com"]
[Date "2017.07.04"]
[Round "1"]
[White "Astroboy"]
[Black "Fangshuo"]
[WhiteElo "2240"]
[BlackElo "2140"]
[Result "1-0"]
[Round "1"]
1.e4 e6
2.d4 d5
3.Nb1c3 Bf8b4
4.e5 c5
5.a3 Bb4xc3
6.bxc3 cxd4
7.cxd4 Nb8c6
8.Ng1f3 Ng8e7
9.Bf1d3 Qd8b6
10.c3 O-O
11.Bd3xh7 Kh8
12.Nf3g5 g6
13.Qd1f3 Ne7f5
14.Bh7xg6 { resign }
1-0

[Event "Tourn. n9444"]
[Site "www.chess-mail.com"]
[Date "2017.07.04"]
[Round "1"]
[White "Cjood"]
[Black "Astroboy"]
[WhiteElo "2040"]
[BlackElo "2240"]
[Result "0-1"]
[Round "1"]
1.f4 e5
2.d4 exd4
3.Qd1xd4 Nb8c6
4.Qd4e4 Bf8e7
5.Ng1f3 d5
6.Qe4d3 Ng8f6
7.Nb1c3 O-O
8.a3 h6
9.b3 Bc8g4
10.Bc1b2 a6
11.h3 Bg4xf3
12.Qd3xf3 d4
13.O-O-O dxc3
14.Rd1xd8 cxb2
15.Kxb2 Ra8xd8
16.g4 Rf8e8
17.Rh1h2 Rd8d2
18.Qf3c3 Re8d8
19.Qc3e3 Nf6e4
20.Qe3xe4 Be7f6
21.Ka2 Rd2d1
22.b4 Rd1a1
23.Kb3 Nc6d4
24.Ka4 b5
{ resign }
0-1

[Event "Tourn. n9423"]
[Site "www.chess-mail.com"]
[Date "2017.07.04"]
[Round "1"]
[White "Abuelo"]
[Black "Bojan"]
[WhiteElo "2190"]
[BlackElo "2000"]
[Result "1-0"]
[Round "1"]
1.e4 e5
2.Ng1f3 Nb8c6
3.Bf1b5 Qd8f6
4.d3 Bf8c5
5.Bb5xc6 bxc6
6.Bc1g5 Qf6e6
7.h3 h6
8.Bg5d2 Ng8f6
9.Qd1e2 Bc8a6
10.Bd2e3 Bc5e7
11.a3 d6
12.Nb1c3 d5
13.Be3d2 Ra8b8
14.Ra1b1 d4
15.Nc3d1 Be7xa3
16.Rb1a1 Ba3xb2
17.Ra1xa6 Rb8b7
18.Nd1xb2 Rb7xb2
19.Bd2c1 Rb2b7
20.Ra6a5 Kd7
21.Nf3xe5 Ke7
22.Ne5f3 Kd6
23.Nf3xd4 Qe6e8
24.O-O g6
25.Bc1f4 Kd7
26.Bf4e5 Qe8d8
27.Qe2f3 Nf6h7
28.Be5xh8 Qd8xh8
29.Qf3xf7 Kc8
30.Qf7e6 Kb8
31.Nd4xc6 Ka8
32.Qe6a2 { resign }
1-0

[Event "Match"]
[Site "www.echecsemail.com"]
[Date "2017.07.04"]
[Round "1"]
[White "Azocarwagner"]
[Black "Drdoom"]
[WhiteElo "1899"]
[BlackElo "1610"]
[Result "1-0"]
[Round "1"]
1.e4 e5
2.Ng1f3 Nb8c6
3.Bf1c4 h6
4.c3 Ng8f6
5.Bc4d5 Nf6xd5
6.exd5 Nc6e7
7.c4 d6
8.O-O c6
9.Rf1e1 Qd8c7
10.d4 Bc8g4
11.h3  { time }
1-0

[Event "Match"]
[Site "www.echecsemail.com"]
[Date "2017.07.04"]
[Round "1"]
[White "Billyg"]
[Black "Olivia"]
[WhiteElo "1700"]
[BlackElo "999"]
[Result "1-0"]
[Round "1"]
1.e4 c6
2.d4 d5
3.Nb1c3 Ng8f6
4.e5 Nf6e4
5.Nc3xe4 dxe4
6.Bf1e2 Bc8f5
7.h3 e6
8.c3 c5
9.dxc5 Bf8xc5
10.Qd1xd8 Kxd8
11.Bc1g5  { time }
1-0

[Event "Match"]
[Site "www.echecsemail.com"]
[Date "2017.07.04"]
[Round "1"]
[White "Cjood"]
[Black "Fangshuo"]
[WhiteElo "2040"]
[BlackElo "2140"]
[Result "1/2-1/2"]
[Round "1"]
1.Ng1f3 d5
2.b4 e6
3.b5 Bc8d7
4.e3 c5
5.bxc6 Nb8xc6
6.Bc1b2 Ng8f6
7.d3 Qd8b6
8.Bb2c3 Bf8b4
9.Bc3xb4 Qb6xb4
10.Nb1d2 Qb4a5
11.Qd1b1 b5
12.Qb1b2 O-O
13.Bf1e2 Qa5c7
14.Qb2xb5 Nc6d4
15.Qb5b1 Nd4xc2
16.Kf1 Nc2xa1
17.Qb1xa1 Ra8c8
18.Nd2b3 Bd7a4
19.Nf3d2 Ba4xb3
20.Nd2xb3 Qc7b6
21.g3 h5
22.Kg2 Nf6g4
23.Be2xg4 hxg4
24.h3 Rc8c2
25.Nb3d4 Rc2d2
26.hxg4 e5
27.Nd4f5 Qb6f6
28.Rh1h3 g6
{ draw }
1/2-1/2

[Event "Match"]
[Site "www.echecsemail.com"]
[Date "2017.07.04"]
[Round "1"]
[White "Fangshuo"]
[Black "Cjood"]
[WhiteElo "2120"]
[BlackElo "1980"]
[Result "0-1"]
[Round "1"]
1.e4 e5
2.Ng1f3 Nb8c6
3.d4 exd4
4.Nf3xd4 Nc6xd4
5.Qd1xd4 c6
6.Nb1c3 Qd8f6
7.e5 Qf6e6
8.Bf1c4 Qe6g6
9.Nc3e4 Qg6xg2
10.Ne4g3 h5
11.Bc1g5 Bf8e7
12.Bg5xe7 Ng8xe7
13.O-O-O Qg2f3
14.e6 d5
15.Qd4xg7 Ne7g6
16.exf7 Qf3xf7
17.Rh1e1 Bc8e6
18.Qg7xf7 Kxf7
19.Bc4d3 Be6g4
20.Bd3e2 Ng6f4
21.Be2xg4 hxg4
22.Ng3f5 Kf6
23.Nf5d4 Rh8xh2
24.Re1g1 Ra8g8
25.f3 g3
26.Rd1e1 c5
27.Nd4b5 Nf4e2
28.Kd1 Ne2xg1
29.Re1xg1 g2
{ resign }
0-1

[Event "Match"]
[Site "www.echecsemail.com"]
[Date "2017.07.04"]
[Round "1"]
[White "Drdoom"]
[Black "Cjood"]
[WhiteElo "1610"]
[BlackElo "1860"]
[Result "0-1"]
[Round "1"]
1.e4 c5
2.Ng1f3 Nb8c6
3.d4 cxd4
4.Nf3xd4 Nc6xd4
5.Qd1xd4 e6
6.Bf1e2 b6
7.O-O Qd8c7
8.Nb1c3 e5
9.Qd4d1 Bf8c5
10.Nc3d5 Qc7c6
11.b4 Bc5d4
12.Ra1b1 d6
13.Bc1d2 a6
14.c3 Bd4xc3
 { time }
0-1